Hiszpańskie czasowniki - Statystyki

Ogólne statystyki
  • Ten quiz został rozwiązany 19 razy
  • Średni wynik to 56 z 236
Statystyki odpowiedzi
Czasownik Tłumaczenie % Poprawnych
jeść comer
100%
studiować/uczyć się estudiar
100%
mieć tener
100%
używać usar
100%
tańczyć bailar
86%
pić beber
86%
śpiewać cantar
86%
jeść śniadanie desayunar
86%
lubić gustar
86%
pracować trabajar
86%
podróżować viajar
86%
wracać volver
86%
gotować cocinar
71%
biegać correr
71%
zaczynać (na "e") empezar
71%
palić fumar
71%
rozmawiać hablar
71%
czytać leer
71%
pływać nadar
71%
otwierać abrir
57%
pomagać ayudar
57%
szukać buscar
57%
zmieniać cambiar
57%
celebrowac celebrar
57%
zaczynać (na "c") comenzar
57%
wierzyć/sądzić creer
57%
nauczać ensenar
57%
pisać escribir
57%
czekać esperar
57%
krzyczeć gritar
57%
dzwonić llamar
57%
płakać llorar
57%
zabijać matar
57%
potrzebować necesitar
57%
dotykać/grać na instrumencie tocar
57%
sprzedawać vender
57%
kłaść (się) spać acostarse
43%
kochać amar
43%
kąpać (się) banarse
43%
jeść obiad/kolację cenar
43%
edukować educar
43%
wybierać elegir
43%
rozumieć entender
43%
brakować faltar
43%
być (na "h") haber
43%
zapraszać invitar
43%
iść ir
43%
nazywać (się) llamarse
43%
patrzeć mirar
43%
rodzić się nacer
43%
słyszeć oir
43%
płacić pagar
43%
kłaść/umieszczać poner
43%
powtarzać repetir
43%
być ser
43%
kończyć (na "t") terminar
43%
odwiedzać visitar
43%
żyć/mieszkać vivir
43%
latać volar
43%
kończyć (na "a") acabar
29%
atakować atacar
29%
schodzić/zniżać/zjeżdzać bajar
29%
kupować comprar
29%
opiekować się cuidar
29%
dbać o siebie cuidarse
29%
dawać dar
29%
mówić decir
29%
boleć doler
29%
brać prysznic ducharse
29%
palić się/zapalać/włączać encender
29%
złościć (się) enfadarse
29%
słuchać escuchar
29%
być (znajdować się) estar
29%
wprowadzać (ang: to introduce) introducir
29%
myć lavar
29%
myć się lavarse
29%
zaznaczać/strzelić gola marcar
29%
oferować ofrecer
29%
zapominać olvidar
29%
przechodzić pasar
29%
wybaczać perdonar
29%
łowić pescar
29%
malować pintar
29%
martwić (się) preocuparse
29%
podarować (sprezentować) regalar
29%
wracać (na "r") regresar
29%
oddychać respirar
29%
rozbijać romper
29%
brać/spożywać/brać udział w tomar
29%
nudzić (się) aburirse
14%
dodawać/łączyć agregar
14%
dodawać do czegoś anadir
14%
chodzić andar
14%
anulować anular
14%
parkować aparcar
14%
uczyć się aprender
14%
mieścić się (ang: to fit) caber
14%
upadać caer
14%
grzać calentar
14%
zamykać cerrar
14%
chwytać/pieprzyć coger
14%
umieszczać colocar
14%
komponować/towrzyć componer
14%
zachowywać się comportarse
14%
znać conocer
14%
budować construir
14%
spożywać/zużywać consumir
14%
liczyć contar
14%
kroić cortar
14%
zakrywać cubrir
14%
zadecydować decidir
14%
wnioskować deducir
14%
zostawić dejar
14%
zależeć od depender
14%
zdejmować obuwię descalzarse
14%
odkrywać descubrir
14%
żegnać (się) despedirse
14%
budzić (się) despertarse
14%
niszczyć/unicestwiać destruir
14%
zatrzymywać/wstrzymywać detener
14%
zwrócić/oddawać devolver
14%
dyskutować/spierać się discutir
14%
projektować disenar
14%
spać dormir
14%
zachwycać encantar
14%
znajdować encontrar
14%
oszukiwać enganar
14%
wchodzić entrar
14%
wysyłac enviar
14%
pluć/wypluwać escupir
14%
unikać evitar
14%
istnieć existir
14%
wygrywać ganar
14%
robić hacer
14%
uciekać huir
14%
grać jugar
14%
podnosić levantar
14%
wstawać levantarse
14%
czyścić limpiar
14%
umierać morir
14%
być posłusznym obedecer
14%
porządkować/zarządzać ordenar
14%
organizować organisar
14%
prosić pedir
14%
myśleć pensar
14%
przegrywać perder
14%
móc poder
14%
woleć preferir
14%
pytać preguntar
14%
próbować probar
14%
produkować producir
14%
skarżyć się/narzekać quejarse
14%
rekomendować recomendar
14%
odbudowywać reconstruir
14%
pamiętać recordar
14%
śmiać się reir
14%
rozwiązywać resolver
14%
wiedzieć saber
14%
wyjmować/wyciągać sacar
14%
wychodzić salir
14%
spełniać/zaspokajać/wynagradzać satisfacer
14%
kontynuować seguir
14%
serwować servir
14%
cierpieć sufrir
14%
tłumaczyć traducir
14%
przynosić traer
14%
uspokajać (się) tranquilizarse
14%
być wartym/kosztować valer
14%
przybywać venir
14%
widzeć/zobaczyć/oglądać ver
14%
porzucić abadonar
0%
uzgadniać/ustalać/umawiać się acordar
0%
pozwalać/uznawać admitir
0%
zatwierdzać aprobar
0%
ośmielać się/mieć czelność atraverse
0%
psuć (się) averiarse
0%
rozpadać się/walić się caerse
0%
chodzić/funkcjonować caminar
0%
żenić (się) casarse
0%
polować cazar
0%
czatować charlar
0%
dzielić compatir
0%
prowadzić (pojazd) conducir
0%
przekształcać convertir
0%
poprawiać corregir
0%
kroić cortar
0%
przechodzić cruzar
0%
spełnić coś/wykonywać coś cumplir
0%
spełniać się cumplirse
0%
musieć deber
0%
zgłaszać/donosić denunciar
0%
korzystać/cieszyć się disfrutar
0%
bawić się (na "d") divertirse
0%
wątpić dudar
0%
zakochiwać się enamorarse
0%
wręczać/dawać komuś entregar
0%
ufać/powierzać fiar
0%
zmywać fregar
0%
smażyć freir
0%
cieszyć się (na "g") gozar
0%
zapisywać (się) inscribirse
0%
wynaleźć inventir
0%
jebać joder
0%
przybywać llegar
0%
nosić/brać llevar
0%
padać (deszcz) llover
0%
mierzyć medir
0%
kłamać mentir
0%
lokować/wkładać meter
0%
zmieniać (się) mudarse
0%
żeglować/surfować w sieci navegar
0%
padać (śnieg) nevar
0%
wydarzać się ocurir
0%
przygotowywać preparar
0%
przymierzać probarse
0%
starać się/próbować procurar
0%
zostawać quedar
0%
parzyć (się) quemarse
0%
chcieć/pragnąć/kochać querer
0%
otrzymywać recibir
0%
godzić (się) reconciliarse
0%
polecać referir
0%
ocalić rescatar
0%
odpowiadać responder
0%
ratować salvar
0%
zwodzić/omamiać seducir
0%
siadać sentarse
0%
czuć sentir
0%
czuć (się) sentirse
0%
podpiekać sofreir
0%
marzyć/śnić/spać sonar
0%
wspinać (się) subirse
0%
sugerować sugerir
0%
wykorzystywać/korzystać z czegoś utilizar
0%
wyceniać valorar
0%
ubierać (się) vestirse
0%
Nie znaleziono quizów pasujących do podanych kryteriów
Rozkład punktacji
Procent ludzi z każdym wynikiem
Percentyl według liczby udzielonych odpowiedzi
Twoja historia wyników
Nie rozwiązałeś tego quizu